LEADER 01069nas a2200253 i 4500 001 000000155028 003 CaOOAMICUS 005 20071211000000.0 008 071129b2005 fr uu u0 0fre r 013 $a132377 040 $aSeMil$bita 245 14$aLes religions de l'Egypte ancienne. 260 $aParis :$bMalesherbes,$c[2005] 300 $a82 p. :$bill. ;$c23 cm. 500 $aContiene : Repères, bibliographie. 773 0 $tMonde des Religions. Hors Série.$dParis : Malesherbes, 2003.$w()12128 773 0 $tMonde des Religions.$dParis : Malesherbes, 2003.$x1743-3346$w()12515 773 0 $tMonde des Religions. Hors Série : 20 clés pour comprendre.$dParis : Malesherbes, 2005-2014.$w()18845 774 0 $t[vedi periodico].$w()267761 850 $aSeMil 852 $aSeMil$W1$xVenegono$y1$m98 6 23/B$j106879$B106879$CSeMilBibl$Z2$F129860 $85 961 $aAcquisto: Malesherbes Publications 996 $6245$aLes religions de l'Egypte ancienne$9(OLS)http://semarc/title/226988 996 $6260$aParis :$bMalesherbes$9(OLS)http://semarc/publisher/31137 LEADER 00510naa a2200145 i 4500 001 000000327602 003 CaOOAMICUS 005 20180831173544.0 008 180831n it u000 u ita u 013 $a39190 040 $aSeMil$bita 245 13$aLa persona del predicatore. 650 4$aPredicatore.$0(OLS)http://semarc/subject/47361 773 0 $aAutori Vari$tManuale della predicazione.$dBologna : EDB, 1975.$kFede e annuncio$gp.297-352$w()225013 996 $6245$aLa persona del predicatore$9(OLS)http://semarc/title/416220